Operating systems : (Record no. 64681)

MARC details
000 -LEADER
fixed length control field 02671nam a22003497a 4500
005 - DATE AND TIME OF LATEST TRANSACTION
control field 20120404112518.0
010 ## - LCCN (DPL NO)
LC control number ENG-104950 B-489765-773
020 ## - INTERNATIONAL STANDARD BOOK NUMBER
International Standard Book Number 9788185044910
Terms of availability 295.00
035 ## - SYSTEM CONTROL NUMBER
System control number EN-88483 B-489765-773
037 ## - SOURCE OF ACQUISITION
Source of stock number/acquisition DBAD/PUB
037 ## - SOURCE OF ACQUISITION
Source of stock number/acquisition K.K.Pub/Ven
082 ## - DEWEY DECIMAL CLASSIFICATION NUMBER
Classification number 005.43
100 ## - MAIN ENTRY--PERSONAL NAME
Personal name Gurjeet Singh
245 ## - TITLE STATEMENT
Title Operating systems :
Statement of responsibility, etc by Er. Gurjeet Singh, Er. Neha Dutta [and] Er. Sunny Thukral
Remainder of title a concept based approach /
260 ## - PUBLICATION, DISTRIBUTION, ETC. (IMPRINT)
Place of publication, distribution, etc New Delhi
Name of publisher, distributor, etc UBH Publishers & Distributors
Date of publication, distribution, etc 2012
270 ## - ADDRESS
Address 4762-63, Ansari Road, Darya Ganj
City New Delhi
Postal code 110002
300 ## - PHYSICAL DESCRIPTION
Extent 495p. :
Other physical details ill.
Dimensions 24cm(pbk)
700 ## - ADDED ENTRY--PERSONAL NAME
Personal name Dutta, Neha
9 (RLIN) 44749
700 ## - ADDED ENTRY--PERSONAL NAME
Personal name Thukral, Sunny
9 (RLIN) 44750
942 ## - ADDED ENTRY ELEMENTS (KOHA)
Source of classification or shelving scheme Dewey Decimal Classification
Item type English Books
Call number suffix GUR
Classification part 005.43
Holdings
Withdrawn status Lost status Not for loan Collection code Home library Current library Date acquired Source of acquisition Cost, normal purchase price Full call number Barcode Copy number Cost, replacement price Koha item type
      Non-fiction Central Library Central Library 18/02/2013 K.K.Pub/BL2760/24.12.2012/120/18.12.2012/08.01.2013 295.00 005.43 GUR B-489765 1 295.00 English Books
    Not For Loan Non-fiction D.B.Act.Division D.B.Act.Division 04/04/2012 DBAD/PUB 295.00 005.43 GUR EN-88483 1 295.00 English Books
      Non-fiction Janak Puri Janak Puri 18/02/2013 K.K.Pub/BL2760/24.12.2012/120/18.12.2012/08.01.2013 295.00 005.43 GUR B-489769 1 295.00 English Books
  Written-off vide DLB M. No. 383 dt 16.05.19   Non-fiction Karol Bagh Karol Bagh 18/02/2013 K.K.Pub/BL2760/24.12.2012/120/18.12.2012/08.01.2013 295.00 005.43 GUR B-489772 1 295.00 English Books
      Non-fiction Kasturba Gandhi Marg Kasturba Gandhi Marg 18/02/2013 K.K.Pub/BL2760/24.12.2012/120/18.12.2012/08.01.2013 295.00 005.43 GUR B-489767 1 295.00 English Books
      Non-fiction Patel Nagar Patel Nagar 18/02/2013 K.K.Pub/BL2760/24.12.2012/120/18.12.2012/08.01.2013 295.00 005.43 GUR B-489766 1 295.00 English Books
      Non-fiction Peshwa Road Peshwa Road 18/02/2013 K.K.Pub/BL2760/24.12.2012/120/18.12.2012/08.01.2013 295.00 005.43 GUR B-489768 1 295.00 English Books
      Non-fiction Sarojini Nagar Sarojini Nagar 18/02/2013 K.K.Pub/BL2760/24.12.2012/120/18.12.2012/08.01.2013 295.00 005.43 GUR B-489770 1 295.00 English Books
      Non-fiction Sarojini Nagar Sarojini Nagar 18/02/2013 K.K.Pub/BL2760/24.12.2012/120/18.12.2012/08.01.2013 295.00 005.43 GUR B-489771 1 295.00 English Books
      Non-fiction Shahdara Branch Shahdara Branch 18/02/2013 K.K.Pub/BL2760/24.12.2012/120/18.12.2012/08.01.2013 295.00 005.43 GUR B-489773 1 295.00 English Books

© Delhi Public Library
Hit Counter
free hit counter